000 00846nam a2200265 i 4500
001 bg
245 7 0 _aStochastic networks :
_btheory and applications /
_ced. by F.
_nP. Kelly, S. Zachary, I. Ziedins.
260 _aOxford :
_bClarendon Press,
_c1996.
300 _aXII, 366 s. :
_brys., wykr. ;
_c24 cm.
490 1 _aRoyal Statistical Society Lecture Note Series ;
_v4
504 _aBibliogr. po rozdz.
650 9 _aUkłady stochastyczne
_xteoria
650 9 _aUkłady stochastyczne
_xstosowanie
700 1 _aKELLY, F. P.
_eRed.
700 1 _aZACHARY, S.
_eRed.
700 1 _aZIEDINS, I.
_eRed.
830 _aRoyal Statistical Society Lecture Note Series ;
020 _a0198523998
040 _cBPK
041 0 _aen
080 _a519.2:519.8
920 _a0-19-852399-8
942 _cKS
008 s pl f |000 0 pol
999 _c31385
_d31385
856 _uhttp://koha.tu.koszalin.pl/cgi-bin/koha/opac-detail.pl?biblionumber=31385
_yKatalog online BPK